French Empire Countries - Statistics

General Stats
  • This quiz has been taken 174 times
    158 since last reset
  • The average score is 22 of 34
Answers on the Map
Answers color-coded by a green-red scale on the quiz's map according to % correct below.
 
Answer Stats
Answer % Correct
France
92%
Algeria
90%
Morocco
87%
Mali
85%
Chad
84%
Niger
83%
Tunisia
83%
Togo
80%
Cameroon
79%
Mauritania
79%
Senegal
79%
Vietnam
78%
Cambodia
77%
Laos
77%
Benin
76%
Central African Republic
76%
Guinea
75%
Burkina Faso
74%
Republic of the Congo
73%
Gabon
72%
Ivory Coast
71%
Madagascar
64%
Syria
59%
Haiti
58%
Comoros
54%
Djibouti
52%
Belgium
50%
Mauritius
48%
Luxembourg
45%
Netherlands
44%
Dominica
23%
Saint Lucia
17%
Grenada
16%
Saint Kitts
16%
No matching quizzes found
Score Distribution
Percent of People with Each Score
Percentile by Number Answered
Your Score History
You have not taken this quiz since the last reset